<The> Multinational Enterprise in Transition

Salvato in:
Dettagli Bibliografici
Altri autori: Kapoor, A., Grub, Phillip D.
Natura: Libro
Lingua:inglese
Pubblicazione: New Jersey Darwin Press 1972
Edizione:1. ed.
Tags: Aggiungi Tag
Nessun Tag, puoi essere il primo ad aggiungerne!!

MARC

LEADER 00000nam a2200000 4500
001 c034327
005 20250926120347.0
041 0 |a eng 
044 |a US 
245 1 0 |a <The> Multinational Enterprise in Transition  |c Edit. A. Kapoor, Phillip D. Grub 
250 |a 1. ed. 
264 1 |a New Jersey  |b Darwin Press  |c 1972 
300 |a 329 s. 
700 1 |a Kapoor, A. 
700 1 |a Grub, Phillip D.